00233nam a2200097Ia 4500008004100000100001400041245003900055260002000094260000900114546001200123170619s9999 xx 000 0 und d aSharan- V 0aInternational financial management bNew Delhi P H I c2004 aENGLISH